00838nam a2200253 a 4500003000800000005001700008008004100025035001900066040003200085041001300117042001200130082002600142100003400168245006500202260003500267300002300302336002600325337002800351338002700379500007500406500004400481650003300525700002600558BD-RjUL20260521114202.0260521s1948 enk 000 0 eng  a(BD-RjUL)86526 aDLCcTxUdDLCdBD-RjULbeng1 aengafre apremarc 223a843.912bSIM 19481 aSimenon, Georges,d1903-1989.10aMagnet of doom /cTr. from the French by Geoffrey Sainsbury. aLondon :bG. Routledge,c1948. av, 279 p.;c19 cm. atextbtxt2rdacontent aunmediatedbn2rdamedia avolumebnc2rdacarrier aAmerican ed. (New York, Reynal & Hitchcock) has title: The first-born. aTranslation of L'aîné des Ferchaux. aFrench fictiony20th century aSainsbury, Geoffrey